حمد الجاسر في عيون الاخرين: (Record no. 6261)

MARC details
000 -LEADER
fixed length control field 00604nam a22001817a 4500
005 - DATE AND TIME OF LATEST TRANSACTION
control field 20231120094933.0
008 - FIXED-LENGTH DATA ELEMENTS--GENERAL INFORMATION
fixed length control field 231120b |||||||| |||| 00| 0 eng d
020 ## - INTERNATIONAL STANDARD BOOK NUMBER
International Standard Book Number 9960944212
040 ## - CATALOGING SOURCE
Transcribing agency .
082 ## - DEWEY DECIMAL CLASSIFICATION NUMBER
Edition number
Classification number 928,1531 713J 2003
100 ## - MAIN ENTRY--PERSONAL NAME
Personal name الثقافي.مركز حمد الجاسر
245 ## - TITLE STATEMENT
Title حمد الجاسر في عيون الاخرين:
Remainder of title /
Statement of responsibility, etc. مركز حمد الجاسر الثقافي
250 ## - EDITION STATEMENT
Edition statement
260 ## - PUBLICATION, DISTRIBUTION, ETC.
Place of publication, distribution, etc. الرياض
Name of publisher, distributor, etc. مركز حمد الجاسر الثقافي
Date of publication, distribution, etc. 2003
300 ## - PHYSICAL DESCRIPTION
Extent 862ص
Dimensions 29سم
650 ## - SUBJECT ADDED ENTRY--TOPICAL TERM
Geographic subdivision الجاسر.حمد بن محمد
942 ## - ADDED ENTRY ELEMENTS (KOHA)
Source of classification or shelving scheme Dewey Decimal Classification
Koha item type Arabic Book
Suppress in OPAC No
Holdings
Withdrawn status Lost status Source of classification or shelving scheme Damaged status Not for loan Home library Current library Date acquired Total Checkouts Full call number Date last seen Copy number Price effective from Koha item type
    Dewey Decimal Classification     CENTRAL CENTRAL 12/14/2023   928,1531 713J 2003 12/14/2023 C11000000018868 12/14/2023 Arabic Book